Capitali Africane - Map Quiz - Statistics

Statistiche generali
  • Questo quiz è stato fatto 820 volte
  • Il punteggio medio è 26 su 56
Risposte nella Mappa
Le risposte nella mappa del quiz sottostante sono codificate secondo una scala di colori dal rosso al verde in base alla % di persone che hanno risposto correttamente.
 
Statistiche sulle risposte
Risposta % Corretto
Algeri
91%
Tunisi
89%
Il Cairo
88%
Tripoli
87%
Rabat
86%
Addis Abeba
77%
Antananarivo
71%
Gibuti
68%
Nairobi
68%
Città del Capo
66%
Mogadiscio
64%
Khartum
57%
Asmara
56%
São Tomé
55%
N'Djamena
53%
Luanda
50%
Bissau
47%
Dakar
47%
Kinshasa
47%
Pretoria
46%
Abuja
45%
Accra
44%
Gaborone
44%
Windhoek
44%
Brazzaville
43%
Giuba
43%
Kampala
42%
Ouagadougou
42%
Bloemfontein
41%
Dodoma
41%
Kigali
40%
Maputo
38%
Harare
37%
Praia
37%
Victoria
37%
Lilongwe
36%
Niamey
36%
Bangui
35%
Gitega
35%
Port Louis
35%
Yaoundé
34%
Freetown
33%
Mbabane
33%
Porto-Novo | Cotonou
33%
Lomé
32%
Yamoussoukro
32%
Lusaka
31%
Libreville
30%
Moroni
29%
Nouakchott
29%
Maseru
28%
Monrovia
26%
Bamako
25%
Banjul
24%
Conakry
23%
Malabo
21%
Nessun quiz corrispondente trovato
Distribuzione punteggi
Percentuale di utenti per punteggio
Percentile per numero di risposta
I tuoi punteggi nel tempo
Non hai fatto questo quiz